Kariera trenerska Louisa Van Gaala. - Statystyki

Ogólne statystyki
  • Ten quiz został rozwiązany 83 razy
  • Średni wynik to 6 z 8
Statystyki odpowiedzi
Lata Odpowiedź % Poprawnych
2014-2016 Manchester United
92%
1997-2000 Barcelona
85%
2002-2003 Barcelona
85%
1991-1997 Ajax
84%
2000-2001 Holandia
73%
2012-2014 Holandia
73%
2009-2011 Bayern Monachium
60%
2005-2009 AZ Alkmaar
23%
Nie znaleziono quizów pasujących do podanych kryteriów
Rozkład punktacji
Procent ludzi z każdym wynikiem
Percentyl według liczby udzielonych odpowiedzi
Twoja historia wyników
Nie rozwiązałeś tego quizu